000 01269nam a2200349 c 4500
001 57937
003 CO-BoRNBP
005 20250813163214.0
007 ta
008 231129t2023 ck a|||br ||| 00| jdspa d
020 _a9789585395527
040 _aCO-BoRNBP
_bspa
_erda
_cCO-BoRNBP
041 0 _aspa
043 _as-ck---
084 _aC
100 _aVidal, Velia,
_d1982-
_eaut
_962095
245 1 0 _aChocó :
_bselva, lluvia, rio y mar /
_cVelia Vidal Romero ; ilustraciones de Geraldine Ramírez Vallejo.
250 _aEdición especial
264 1 _aBogotá, Colombia :
_bLazo libros,
_c2023
300 _a54 páginas :
_bilustraciones a color
336 _atexto
_btxt
_2rdacontent
337 _asin mediación
_bn
_2rdamedia
338 _avolumen
_bnc
_2rdacarrier
500 _aIncluye datos biográficos de la autora e ilustradora
521 1 _aRecomendado para un público infantil a partir de los 6 años
650 0 4 _aCuentos infantiles colombianos
_ysiglo xxi
_2LEMB
_9965
650 0 7 _aDiversidad en la literatura
_2lemb
_960258
650 0 4 _aLiteratura infantil colombiana
_2LEMB
_934
651 0 _aChoco (Departamento, Colombia)
_xvida social y costumbres
_xrelatos personales
_962096
700 _aRamírez Vallejo, Geraldine
942 _2loc
_cBKLITI
999 _c57937
_d57937